Statystyki dla Państwa, które kiedyś były częścią Austro-Węgier

Kliknij tutaj aby rozwiązać quiz!

Ogólne statystyki

  • Ten quiz został rozwiązany 847 razy
  • Średni wynik to 12 z 13

Statystyki odpowiedzi

Kraj% Poprawnych
Austria
99%
Węgry
99%
Słowacja
95%
Czechy
94%
Polska
93%
Słowenia
93%
Serbia
92%
Chorwacja
90%
Rumunia
88%
Bośnia i Hercegowina
84%
Włochy
82%
Ukraina
76%
Czarnogóra
75%

Rozkład punktacji

Percentyl według liczby udzielonych odpowiedzi

Procent ludzi z każdym wynikiem

Twoja historia wyników

Nie rozwiązałeś tego quizu